| 000 | 00555nam a22001817a 4500 | ||
|---|---|---|---|
| 003 | URS | ||
| 005 | 20230425164522.0 | ||
| 008 | 230425b |||||||| |||| 00| 0 eng d | ||
| 020 | _a97897148171516 | ||
| 040 | _cURSR | ||
| 050 | 0 | 0 |
_aFil T11 G1657 _b2009 |
| 245 | 1 | 0 |
_aTechnical Report Writing/ _cCarlos Aquino Garcia, Gorgina Budaria Adorable, Belen Zabala de Asis |
| 260 |
_aManila: _bBooklore Publishing Corporation _c2009 |
||
| 300 |
_a280 pages _billustrations, _c26.5 cm |
||
| 650 | _2Technical Writing | ||
| 650 | _2Report Writing | ||
| 942 |
_2lcc _cF |
||
| 999 |
_c69270 _d69269 |
||